Vrai/Faux : Homonymes de départements français 14 - Statistiques

Statistiques générales
  • Ce quiz a été pris 15 fois
  • Le résultat moyen est 18 sur 25
Statistiques - réponses
Hint Explanation Réponse % Correct
Seine est le plateau d'un théâre Scène FAUX
100%
Belfort est une commune du Territoire de Belfort VRAI
100%
Seine est un fleuve VRAI
100%
Seine est le nom donné au dernier repas du Christ Cène FAUX
87%
Seine est une région d'Allemagne Senne FAUX
87%
Sèvres est une commune des Hauts-de-Seine VRAI
87%
Seine signifie "en bonne santé" Saine FAUX
80%
Belfort est une ancienne automobile Pure invention ! FAUX
80%
Seine est une rivière qui coule à Bruxelles Senne FAUX
80%
Manche est une constellation Pure invention ! FAUX
80%
Belfort est une rivière du Lot Il y a une commune de ce nom FAUX
80%
Seine est un ancien département VRAI
80%
Sèvres est un fleuve Sèvre FAUX
73%
Ain est un satellite de Jupiter Pure invention ! FAUX
73%
Belfort est un quartier de Valparaiso Pure invention ! FAUX
73%
Seine est une rivière du Canada De 2 même VRAI
67%
Seine est une chanson de Vanessa Paradis VRAI
67%
Seine est le nom d'un navire de guerre VRAI
67%
Belfort est une ancienne commune d'Algérie VRAI
60%
Sèvres est la 2e personne du singulier du présent de l'indicatif de Sevrer VRAI
53%
Sèvres est un affluent de la Loire Sèvre FAUX
47%
Sèvres est une commune des Deux-Sèvres Saivres FAUX
47%
Belfort est un quartier de Maastricht VRAI
47%
Belfort Jacques était un général français VRAI
40%
Belfort est un quartier de Toulouse VRAI
20%
Aucun quiz correspondant
Distribution des résultats
% des personnes avec chaque résultat
Percentile par nombre de réponses
Votre historique - résultats
Vous n’avez pas pris ce quiz